[Event "Krakow op-A 34th"]
[Site "Krakow"]
[Date "2023.12.29"]
[Round "3"]
[White "Krainski, Aleksander"]
[Black "Pniaczek, Marek"]
[Result "0-1"]
[WhiteElo "2102"]
[BlackElo "2135"]
[PlyCount "94"]
[EventDate "2023.12.27"]
[EventType "swiss"]
[EventRounds "9"]
[EventCountry "POL"]
[SourceTitle "CB02_2024"]
[SourceDate "2024.01.10"]
[SourceVersion "1"]
[SourceVersionDate "2024.01.10"]
[SourceQuality "1"]

1. d4 b5 2. Nf3 Bb7 3. e3 a6 4. c4 bxc4 5. Bxc4 e6 6. Nc3 Nf6 7. 0-0 d5 8. Be2 Bd6 9. a3 0-0 10. b4 Nbd7 11. Bb2 e5 12. dxe5 Nxe5 13. Rc1 Qe7 14. Na4 Nxf3+ 15. Bxf3 a5 16. Nc5 Bc6 17. Bd4 axb4 18. axb4 Rfb8 19. Qd2 Ne4 20. Bxe4 dxe4 21. Ra1 Qh4 22. g3 Qg4 23. Rxa8 Rxa8 24. Ra1 Rb8 25. Bc3 h5 26. Qd1 Qf5 27. Qd4 Qg6 28. Kh1 Re8 29. Qc4 Qf5 30. Kg1 h4 31. Bd4 Rb8 32. Bc3 Qg4 33. Qd4 Re8 34. Qd1 Qf5 35. Ra5 Qg6 36. Kg2 Rd8 37. Nb3 Bd7 38. Nd4 Bg4 39. Qa1 Be7 40. Ra8 Rxa8 41. Qxa8+ Kh7 42. Qd5 Bd6 43. b5 hxg3 44. hxg3 f5 45. Qe6 Qh5 46. Qd7 f4 47. Nf5 Bf3+ 0-1

[Event "POL-chT 2nd League"]
[Site "Jastrzebia Gora"]
[Date "2023.09.02"]
[Round "1.22"]
[White "Krainski, Aleksander"]
[Black "Celinski, Kamil"]
[Result "1-0"]
[WhiteElo "2090"]
[BlackElo "1841"]
[PlyCount "69"]
[EventDate "2023.09.02"]
[EventType "team-swiss"]
[EventRounds "9"]
[EventCountry "POL"]
[SourceTitle "EXT 2024"]
[Source "ChessBase"]
[SourceDate "2023.10.10"]
[SourceVersion "1"]
[SourceVersionDate "2023.10.10"]
[SourceQuality "1"]
[WhiteTeam "Grudziadz Rotmistrz"]
[BlackTeam "Warszawa Zugzwang"]
[WhiteTeamCountry "POL"]
[BlackTeamCountry "POL"]

1. d4 Nf6 2. Nf3 c5 3. e3 d5 4. Be2 Nc6 5. 0-0 Bg4 6. h3 Bh5 7. dxc5 e6 8. a3 a5 9. c4 Bxc5 10. cxd5 Nxd5 11. Qc2 Qe7 12. e4 Nb6 13. Bg5 f6 14. Bd2 Bxf3 15. Bxf3 Nd4 16. Qd1 Nxf3+ 17. Qxf3 0-0 18. Rc1 Rfd8 19. Be1 Rac8 20. Nc3 Bd4 21. Rab1 Nc4 22. Nb5 Ne5 23. Qe2 Bb6 24. Rxc8 Rxc8 25. Bc3 Rc5 26. Rd1 Ng6 27. g3 Rg5 28. Kh2 Qc5 29. Nd4 Rh5 30. Nxe6 Qxf2+ 31. Qxf2 Bxf2 32. Rd7 Nf8 33. Rxg7+ Kh8 34. Bxf6 Rh6 35. Rg6# 1-0

[Event "EU-ch Rapid"]
[Site "Katowice"]
[Date "2022.12.18"]
[Round "9"]
[White "Krainski, Aleksander"]
[Black "Uruci, Endrit"]
[Result "0-1"]
[WhiteElo "2046"]
[BlackElo "2297"]
[PlyCount "76"]
[EventDate "2022.12.17"]
[EventType "swiss (rapid)"]
[EventRounds "11"]
[EventCountry "POL"]
[SourceTitle "CBM 211 Extra"]
[Source "ChessBase"]
[SourceDate "2023.01.31"]
[SourceVersion "1"]
[SourceVersionDate "2023.01.31"]
[SourceQuality "1"]

1. d4 Nf6 2. Nf3 d5 3. e3 Bf5 4. c4 c6 5. Nc3 e6 6. Be2 Nbd7 7. 0-0 Bd6 8. Nh4 Be4 9. Nxe4 Nxe4 10. g3 g5 11. Ng2 h5 12. Bxh5 Qf6 13. f4 Qh6 14. g4 Ndf6 15. cxd5 Nxh5 16. gxh5 exd5 17. fxg5 Qxg5 18. Qf3 Qxh5 19. Qxh5 Rxh5 20. h4 Ke7 21. Rf3 Rg8 22. Kf1 Bg3 23. b3 Bxh4 24. Rh3 Rf5+ 25. Nf4 Bg3 26. a4 Rf6 27. Ra2 Bxf4 28. exf4 Rfg6 29. Ba3+ Kd7 30. Rah2 Rg1+ 31. Ke2 Ra1 32. Bb2 Rb1 33. Kd3 Rg4 34. Rf3 Rd1+ 35. Kc2 Rdg1 36. Re2 R1g2 37. Rxg2 Rxg2+ 38. Kc1 Ke6 0-1

[Event "EU-ch Rapid"]
[Site "Katowice"]
[Date "2022.12.17"]
[Round "3"]
[White "Krainski, Aleksander"]
[Black "Mitusov, Semen"]
[Result "0-1"]
[WhiteElo "2046"]
[BlackElo "2397"]
[PlyCount "82"]
[EventDate "2022.12.17"]
[EventType "swiss (rapid)"]
[EventRounds "11"]
[EventCountry "POL"]
[SourceTitle "CBM 211 Extra"]
[Source "ChessBase"]
[SourceDate "2023.01.31"]
[SourceVersion "1"]
[SourceVersionDate "2023.01.31"]
[SourceQuality "1"]

1. d4 d5 2. Nf3 Nf6 3. e3 c5 4. Be2 Nc6 5. 0-0 e6 6. c4 cxd4 7. cxd5 Qxd5 8. exd4 Be7 9. Nc3 Qd8 10. Re1 0-0 11. Bg5 b6 12. Qa4 Bb7 13. Rad1 Nd5 14. Bxe7 Ncxe7 15. Ne5 a6 16. Bf3 Rc8 17. Ne4 Ng6 18. g3 Qc7 19. Ng5 Nf6 20. Bxb7 Qxb7 21. h4 Ne7 22. Qb3 Ned5 23. Rc1 h6 24. Rxc8 Qxc8 25. Ngf3 Qc7 26. Qd3 a5 27. a3 Rc8 28. Qb5 Qc2 29. Qa6 Rd8 30. Re2 Qb1+ 31. Kg2 Qf5 32. Qb7 Rf8 33. Qc6 Nh5 34. Kh2 Nhf4 35. gxf4 Nxf4 36. Ng1 Nxe2 37. Nxe2 Qxf2+ 38. Qg2 Qxh4+ 39. Kg1 Rc8 40. Qb7 Qe1+ 41. Kg2 Qxe2+ 0-1

[Event "EU-ch Rapid"]
[Site "Katowice"]
[Date "2022.12.17"]
[Round "5"]
[White "Krainski, Aleksander"]
[Black "Vardanyan, Aras"]
[Result "0-1"]
[WhiteElo "2046"]
[BlackElo "2271"]
[PlyCount "68"]
[EventDate "2022.12.17"]
[EventType "swiss (rapid)"]
[EventRounds "11"]
[EventCountry "POL"]
[SourceTitle "CBM 211 Extra"]
[Source "ChessBase"]
[SourceDate "2023.01.31"]
[SourceVersion "1"]
[SourceVersionDate "2023.01.31"]
[SourceQuality "1"]

1. d4 Nf6 2. Nf3 d5 3. e3 e6 4. Be2 Bd6 5. 0-0 0-0 6. c4 b6 7. Nc3 Bb7 8. cxd5 exd5 9. b3 a6 10. Bb2 Nbd7 11. Rc1 Re8 12. Bd3 Nf8 13. Ne2 Ng6 14. Ng3 Ne4 15. Nf5 Bf8 16. Qc2 Rc8 17. Rfd1 Qf6 18. Ng3 Bd6 19. Qe2 Nf4 20. exf4 Nxg3 21. Qc2 Ne4 22. g3 h6 23. Ne5 c5 24. Bxe4 dxe4 25. Nd7 Qe6 26. Nxb6 Bxf4 27. Nxc8 Bxc1 28. Rxc1 e3 29. fxe3 Rxc8 30. dxc5 Qxe3+ 31. Qf2 Qe4 32. Kf1 Re8 33. h4 Qd3+ 34. Kg1 Re2 0-1

[Event "Suwalki Warakomska Memorial 6th"]
[Site "Suwalki"]
[Date "2022.08.09"]
[Round "8"]
[White "Krainski, Aleksander"]
[Black "Kulon, Klaudia"]
[Result "0-1"]
[WhiteElo "2072"]
[BlackElo "2265"]
[PlyCount "48"]
[EventDate "2022.08.03"]
[EventType "swiss"]
[EventRounds "9"]
[EventCountry "POL"]
[SourceTitle "CBM 209 Extra"]
[Source "ChessBase"]
[SourceDate "2022.09.30"]
[SourceVersion "1"]
[SourceVersionDate "2022.09.30"]
[SourceQuality "1"]

1. d4 Nf6 2. Nf3 g6 3. e3 Bg7 4. Be2 b6 5. 0-0 Bb7 6. c4 0-0 7. Nc3 d6 8. Qc2 Nbd7 9. e4 e5 10. d5 a5 11. Bd2 Nc5 12. Rab1 c6 13. Bg5 cxd5 14. cxd5 Rc8 15. Nd2 Ba6 16. Bxa6 Nxa6 17. Qd3 Nc5 18. Qe2 h6 19. Bh4 Qd7 20. h3 Nh5 21. Qg4 Qe8 22. Nc4 f5 23. exf5 gxf5 24. Nxd6 fxg4 0-1

[Event "Suwalki Warakomska Memorial 6th"]
[Site "Suwalki"]
[Date "2022.08.03"]
[Round "1"]
[White "Krainski, Aleksander"]
[Black "Kacprzak, Kacper"]
[Result "1/2-1/2"]
[WhiteElo "2072"]
[BlackElo "2273"]
[PlyCount "32"]
[EventDate "2022.08.03"]
[EventType "swiss"]
[EventRounds "9"]
[EventCountry "POL"]
[SourceTitle "CBM 209 Extra"]
[Source "ChessBase"]
[SourceDate "2022.09.30"]
[SourceVersion "1"]
[SourceVersionDate "2022.09.30"]
[SourceQuality "1"]

1. d4 Nf6 2. Nf3 d5 3. e3 c5 4. Be2 Nc6 5. 0-0 Bg4 6. h3 Bh5 7. dxc5 e6 8. a3 Bxc5 9. b4 Bd6 10. Bb2 0-0 11. Nbd2 Qe7 12. c4 Rfd8 13. Qb3 Ne4 14. Rfe1 Nxd2 15. Nxd2 Bxe2 16. Rxe2 dxc4 1/2-1/2

[Event "Lazy Baltic Pearl op-A 18th"]
[Site "Lazy"]
[Date "2022.07.04"]
[Round "9"]
[White "Krainski, Aleksander"]
[Black "Bancarewicz, Aleks"]
[Result "0-1"]
[WhiteElo "2053"]
[BlackElo "1786"]
[PlyCount "56"]
[EventDate "2022.06.26"]
[EventType "swiss"]
[EventRounds "9"]
[EventCountry "POL"]
[SourceTitle "CBM 209 Extra"]
[Source "ChessBase"]
[SourceDate "2022.09.30"]
[SourceVersion "1"]
[SourceVersionDate "2022.09.30"]
[SourceQuality "1"]

1. d4 Nf6 2. Nf3 g6 3. g3 Bg7 4. Bg2 c5 5. dxc5 Qa5+ 6. Nbd2 Qxc5 7. Nb3 Qc7 8. 0-0 0-0 9. Bf4 d6 10. Qc1 e5 11. Bd2 d5 12. c4 d4 13. e3 dxe3 14. Bxe3 Nc6 15. Rd1 Bf5 16. h3 Rad8 17. Qc3 Ne4 18. Qe1 Nd6 19. Rac1 e4 20. Nfd4 Ne5 21. c5 Ndc4 22. g4 Bd7 23. Qe2 Nxe3 24. Qxe3 f5 25. c6 Nxc6 26. Nb5 Qe5 27. Nc5 Bc8 28. Nc3 f4 0-1

[Event "Lazy Baltic Pearl op-A 18th"]
[Site "Lazy"]
[Date "2022.06.30"]
[Round "5"]
[White "Krainski, Aleksander"]
[Black "Rawicz, Karol"]
[Result "1-0"]
[WhiteElo "2053"]
[BlackElo "2186"]
[PlyCount "101"]
[EventDate "2022.06.26"]
[EventType "swiss"]
[EventRounds "9"]
[EventCountry "POL"]
[SourceTitle "CBM 209 Extra"]
[Source "ChessBase"]
[SourceDate "2022.09.30"]
[SourceVersion "1"]
[SourceVersionDate "2022.09.30"]
[SourceQuality "1"]

1. d4 Nf6 2. Nf3 e6 3. e3 b6 4. Be2 Bb7 5. 0-0 g6 6. c4 Bg7 7. Nc3 0-0 8. b4 a5 9. b5 d6 10. Qc2 Nbd7 11. Ba3 Re8 12. Rad1 e5 13. dxe5 Nxe5 14. Nd5 Bxd5 15. cxd5 Nxf3+ 16. Bxf3 Nd7 17. g3 f5 18. Bg2 a4 19. Rb1 Nc5 20. Bxc5 bxc5 21. a3 Kh8 22. Rfc1 Qb8 23. Qd3 Qa7 24. Rc4 Qa5 25. h4 Rab8 26. Rc2 Rf8 27. Bh3 Rbe8 28. h5 Re5 29. hxg6 hxg6 30. Rc4 Qa8 31. Bg2 Qe8 32. Rxa4 g5 33. Bf3 Kg8 34. Kg2 Qf7 35. b6 cxb6 36. Rxb6 g4 37. Be2 Qh5 38. Bf1 Rf6 39. Kg1 Qf7 40. Rb8+ Bf8 41. Raa8 Qh5 42. Bg2 f4 43. gxf4 Re7 44. a4 Rg7 45. Qe4 g3 46. f3 Qf7 47. Re8 Qb7 48. Bh3 Qb2 49. Be6+ Rgf7 50. Rxf8+ Kg7 51. Rg8+ 1-0

[Event "POL-chT 2nd League"]
[Site "Sypniewo"]
[Date "2021.09.07"]
[Round "4.6"]
[White "Krainski, Aleksander"]
[Black "Walaszczyk, Witold"]
[Result "1/2-1/2"]
[WhiteElo "2037"]
[BlackElo "2019"]
[PlyCount "78"]
[EventDate "2021.09.04"]
[EventType "team-swiss"]
[EventRounds "9"]
[EventCountry "POL"]
[SourceTitle "CBM 204 Extra"]
[Source "ChessBase"]
[SourceDate "2021.11.30"]
[SourceVersion "1"]
[SourceVersionDate "2021.11.30"]
[SourceQuality "1"]
[WhiteTeam "Grudziadz Rotmistrz"]
[BlackTeam "Konin Hetman"]
[WhiteTeamCountry "POL"]
[BlackTeamCountry "POL"]

1. Nf3 d5 2. g3 g6 3. Bg2 Bg7 4. 0-0 Nf6 5. d3 0-0 6. Nbd2 c5 7. e4 Nc6 8. Re1 dxe4 9. dxe4 h6 10. c3 Be6 11. Qc2 Qc7 12. Nf1 Rad8 13. h3 Qc8 14. Kh2 Bc4 15. e5 Bd3 16. Qa4 Ne4 17. Be3 b5 18. Qa3 b4 19. cxb4 Nxb4 20. Rec1 Qf5 21. Bxc5 Nxc5 22. Rxc5 Nc2 23. Ne3 Nxe3 24. fxe3 Be4 25. Rf1 Rd3 26. Qb4 Rxe3 27. Nd2 Re2 28. Rxf5 Rxg2+ 29. Kh1 Rxd2+ 30. Qxe4 gxf5 31. Qb7 e6 32. a4 Rfd8 33. g4 fxg4 34. hxg4 Rd1+ 35. Kg2 R8d2+ 36. Kg3 Rd3+ 37. Kf2 R1d2+ 38. Ke1 Rd1+ 39. Ke2 R1d2+ 1/2-1/2

[Event "Suwalki Warakomska Memorial 5th"]
[Site "Suwalki"]
[Date "2021.08.03"]
[Round "9"]
[White "Krainski, Aleksander"]
[Black "Skurniak, Szymon"]
[Result "0-1"]
[WhiteElo "2066"]
[BlackElo "2143"]
[PlyCount "33"]
[EventDate "2021.07.27"]
[EventType "swiss"]
[EventRounds "9"]
[EventCountry "POL"]
[SourceTitle "EXT 2022"]
[Source "ChessBase"]
[SourceDate "2021.10.06"]
[SourceVersion "1"]
[SourceVersionDate "2021.10.06"]
[SourceQuality "1"]

1. Nf3 Nf6 2. d4 g6 3. e3 Bg7 4. c4 0-0 5. Be2 c5 6. 0-0 cxd4 7. exd4 d5 8. Nc3 Nc6 9. h3 dxc4 10. Bxc4 Na5 11. Be2 Be6 12. Re1 Nd5 13. Na4 b6 14. Ne5 Rc8 15. a3 Nf6 16. b4 Nb3 17. Rb1 0-1

[Event "Suwalki Warakomska Memorial 5th"]
[Site "Suwalki"]
[Date "2021.07.28"]
[Round "2"]
[White "Krainski, Aleksander"]
[Black "Golecki, Jan"]
[Result "0-1"]
[WhiteElo "2066"]
[BlackElo "2161"]
[PlyCount "68"]
[EventDate "2021.07.27"]
[EventType "swiss"]
[EventRounds "9"]
[EventCountry "POL"]
[SourceTitle "CBM 203 Extra"]
[Source "ChessBase"]
[SourceDate "2021.09.30"]
[SourceVersion "1"]
[SourceVersionDate "2021.09.30"]
[SourceQuality "1"]

1. d4 Nf6 2. Nf3 e6 3. e3 b6 4. Be2 Bb7 5. 0-0 d5 6. b3 Bd6 7. Bb2 Nbd7 8. Nbd2 0-0 9. Ne5 c5 10. f4 cxd4 11. exd4 Rc8 12. Bd3 Ne4 13. Qe2 Nxd2 14. Qxd2 Nf6 15. Rad1 Qc7 16. Rf2 b5 17. g3 Rfd8 18. Qe2 Ne4 19. Bxe4 dxe4 20. Ng4 Qa5 21. Ne3 Qxa2 22. Ba1 f5 23. Qxb5 Ba6 24. Qa4 Qxa4 25. bxa4 Bb4 26. Rg2 Bc3 27. Bxc3 Rxc3 28. Kf2 Ra3 29. g4 e5 30. dxe5 Rxd1 31. Nxd1 Rf3+ 32. Ke1 e3 33. Rg1 fxg4 34. Nb2 Rf2 0-1

[Event "POL-chT 2nd League"]
[Site "Poronin"]
[Date "2020.09.12"]
[Round "8.8"]
[White "Krainski, Aleksander"]
[Black "Szustakowski, Antoni"]
[Result "0-1"]
[WhiteElo "2084"]
[BlackElo "2242"]
[PlyCount "108"]
[EventDate "2020.09.05"]
[EventType "team-swiss"]
[EventRounds "9"]
[EventCountry "POL"]
[SourceTitle "CBM 198 Extra"]
[Source "ChessBase"]
[SourceDate "2020.11.30"]
[SourceVersion "1"]
[SourceVersionDate "2020.11.30"]
[SourceQuality "1"]
[WhiteTeam "Grudziadz Rotmistrz"]
[BlackTeam "Krakow Dwie Wieze"]
[WhiteTeamCountry "POL"]
[BlackTeamCountry "POL"]

1. d4 Nf6 2. Nf3 e6 3. e3 b6 4. Be2 Bb7 5. 0-0 g6 6. c4 Bg7 7. Nc3 0-0 8. d5 exd5 9. cxd5 d6 10. e4 Re8 11. Qc2 Nbd7 12. Re1 c6 13. Bg5 Qc8 14. dxc6 Bxc6 15. Bc4 b5 16. Bb3 b4 17. Nd5 Bxd5 18. exd5 Qxc2 19. Bxc2 Nb6 20. Rad1 Rxe1+ 21. Nxe1 Nfxd5 22. Bb3 Nf6 23. Be3 Ne8 24. Nd3 Rc8 25. g3 Rc7 26. Nxb4 Bxb2 27. Rb1 Be5 28. Bxb6 axb6 29. Nd5 Rb7 30. Ba4 Nf6 31. Rxb6 Rxb6 32. Nxb6 Bd4 33. Nc4 d5 34. Nd2 Ng4 35. Bc6 Bxf2+ 36. Kg2 Ba7 37. h3 Ne3+ 38. Kf3 Kf8 39. a4 Ke7 40. Nb3 Kd6 41. Be8 Nc4 42. Kf4 f6 43. h4 Ke7 44. Bb5 Ke6 45. a5 h6 46. Kf3 Ne5+ 47. Kg2 d4 48. Nd2 Kd5 49. Ba6 d3 50. Kf1 Kd4 51. Ke1 f5 52. Bb7 Kc3 53. Kd1 Ng4 54. a6 Nf2+ 0-1

[Event "POL-chT 2nd League"]
[Site "Jastrzebia Gora"]
[Date "2019.09.14"]
[Round "8.14"]
[White "Smolka, Marcin"]
[Black "Krainski, Aleksander"]
[Result "1-0"]
[WhiteElo "2178"]
[BlackElo "2104"]
[PlyCount "58"]
[EventDate "2019.09.07"]
[EventType "team-swiss"]
[EventRounds "9"]
[EventCountry "POL"]
[SourceTitle "EXT 2020"]
[Source "ChessBase"]
[SourceDate "2019.10.17"]
[SourceVersion "1"]
[SourceVersionDate "2019.10.17"]
[SourceQuality "1"]
[WhiteTeam "Chrzanow Olimpijczyk"]
[BlackTeam "Grudziadz Rotmistrz"]
[WhiteTeamCountry "POL"]
[BlackTeamCountry "POL"]

1. d4 d5 2. c4 e6 3. Nc3 Nf6 4. Nf3 c6 5. e3 Nbd7 6. Bd3 Be7 7. 0-0 0-0 8. b3 b6 9. Bb2 Bb7 10. Qe2 Qc7 11. Ne5 c5 12. Rad1 Rad8 13. f4 Ne4 14. Nb5 Qb8 15. Bxe4 dxe4 16. Nxd7 Rxd7 17. d5 Qd8 18. Qg4 g6 19. dxe6 f5 20. Qe2 Rd3 21. Be5 a6 22. Nc3 Bc6 23. Qb2 h6 24. Nd5 Bxd5 25. cxd5 Kh7 26. Rxd3 exd3 27. Qc3 Qxd5 28. Rd1 Rd8 29. Bc7 Bf6 1-0

[Event "POL-chT 2nd League"]
[Site "Jastrzebia Gora"]
[Date "2019.09.08"]
[Round "2.16"]
[White "Malecki, Rafal"]
[Black "Krainski, Aleksander"]
[Result "1/2-1/2"]
[WhiteElo "2050"]
[BlackElo "2104"]
[PlyCount "54"]
[EventDate "2019.09.07"]
[EventType "team-swiss"]
[EventRounds "9"]
[EventCountry "POL"]
[SourceTitle "EXT 2020"]
[Source "ChessBase"]
[SourceDate "2019.10.17"]
[SourceVersion "1"]
[SourceVersionDate "2019.10.17"]
[SourceQuality "1"]
[WhiteTeam "Chroscice Victoria"]
[BlackTeam "Grudziadz Rotmistrz"]
[WhiteTeamCountry "POL"]
[BlackTeamCountry "POL"]

1. Nf3 d5 2. g3 Nf6 3. Bg2 e6 4. 0-0 Be7 5. d3 0-0 6. Nbd2 c5 7. e4 Nc6 8. e5 Ne8 9. Re1 b5 10. h4 Nc7 11. Nf1 b4 12. N1h2 a5 13. Ng4 a4 14. Ng5 a3 15. bxa3 bxa3 16. c3 Bd7 17. Rb1 Ra7 18. Rb3 h6 19. Nh3 Kh7 20. Nxh6 gxh6 21. Qh5 Ne8 22. Qxh6+ Kg8 23. Ng5 Bxg5 24. Bxg5 f6 25. Qg6+ Kh8 26. Qh6+ Kg8 27. Qg6+ Kh8 1/2-1/2

[Event "POL-chT 2nd League"]
[Site "Jastrzebia Gora"]
[Date "2018.09.07"]
[Round "7.9"]
[White "Krainski, Aleksander"]
[Black "Pazderski, Ziemowit"]
[Result "1/2-1/2"]
[WhiteElo "2185"]
[BlackElo "2239"]
[PlyCount "54"]
[EventDate "2018.09.01"]
[EventType "team-swiss"]
[EventRounds "9"]
[EventCountry "POL"]
[SourceTitle "CBM 186 Extra"]
[Source "ChessBase"]
[SourceDate "2018.08.24"]
[SourceVersion "1"]
[SourceVersionDate "2018.08.24"]
[SourceQuality "1"]
[WhiteTeam "Grudziadz Rotmistrz"]
[BlackTeam "Zielonka Zieloni"]
[WhiteTeamCountry "POL"]
[BlackTeamCountry "POL"]

1. Nf3 Nf6 2. d4 d5 3. e3 c5 4. dxc5 e6 5. a3 a5 6. c4 Bxc5 7. b3 Nc6 8. Bb2 0-0 9. Nc3 Qe7 10. cxd5 Rd8 11. d6 Rxd6 12. Qc2 e5 13. Bc4 Be6 14. Bxe6 Rxe6 15. Ne4 Nxe4 16. Qxe4 Bd4 17. 0-0-0 Bc5 18. Rd5 Bxa3 19. Rhd1 Rc8 20. Kb1 Bxb2 21. Kxb2 Nb4 22. Rd7 Qc5 23. Ng5 Qc3+ 24. Ka3 Nc2+ 25. Ka2 Nb4+ 26. Ka3 Nc2+ 27. Ka2 Nb4+ 1/2-1/2